000 00405 a2200109 4500
001 ART_23453
005 20260410161918.0
008 260409a
245 1 0 _aReflexión - revisión de replanteo de la técnica contable
100 1 _aNadales, Mariana Alicia
773 0 _tDocumentos de trabajo de contabilidad, auditoría y responsabilidad social
_g- Año 3, Nº 5 (jun. 2013)
_wREV14385
999 _c27457
_d27457